000 00736cab a2200265 4500
001 WB3231-02
008 090401t1996 xxu||||| |||| 00| 0 eng d
035 _a(Sirsi) u69446
041 _aeng
245 _aOrders for new construction
260 _c1996
350 _a0
490 _aDOE Information Bulletin
_v(346) 6 August 1996, (16)
520 _aNew orders for construction rose slightly in June 1996. Detailed tables and graphs.
650 _aCONSTRUCTION MARKET
650 _aInfrastructure
_96246
650 _aNEW HOUSING
650 _aNEW ORDERS
650 _aPRIVATE COMMERCIAL
650 _aPRIVATE INDUSTRIAL
650 _aSTATISTICS
690 _aBUILT ENVIRONMENT
942 _n0
948 _c04/03/1997
999 _c43615
_d43615